Process systems analysis and control (Record no. 13575)

000 -LEADER
fixed length control field 00578nam a22002051 4500
001 - CONTROL NUMBER
control field 13575
003 - CONTROL NUMBER IDENTIFIER
control field BD-DhUET
008 - FIXED-LENGTH DATA ELEMENTS--GENERAL INFORMATION
fixed length control field 730306s1965 nyua b 000 0 eng
040 ## - CATALOGING SOURCE
Original cataloging agency DLC
Transcribing agency DLC
Modifying agency BD-DhUET
082 ## - DEWEY DECIMAL CLASSIFICATION NUMBER
Classification number 660.284
Item number COU/1965
100 1# - MAIN ENTRY--PERSONAL NAME
Personal name Coughanowr, Donald R.
245 10 - TITLE STATEMENT
Title Process systems analysis and control
250 ## - EDITION STATEMENT
Edition statement 1st ed.
260 ## - PUBLICATION, DISTRIBUTION, ETC. (IMPRINT)
Place of publication, distribution, etc. New York
Name of publisher, distributor, etc. McGraw-Hill
Date of publication, distribution, etc. 1965
300 ## - PHYSICAL DESCRIPTION
Extent xii, 491 p.
Other physical details ill.
Dimensions 21 cm.
490 ## - SERIES STATEMENT
Series statement McGraw-Hill chemical engineering series
650 #0 - SUBJECT ADDED ENTRY--TOPICAL TERM
Topical term or geographic name as entry element Control devices process engineering
700 ## - ADDED ENTRY--PERSONAL NAME
Personal name Koppel, Lowell B.
942 ## - ADDED ENTRY ELEMENTS (KOHA)
Koha item type General Book
Holdings
Location (home branch) Lost status Copy number Koha date last borrowed Koha issues (times borrowed) Damaged status Koha date last seen Source of classification or shelving scheme Not for loan Date acquired Sublocation or collection (holding branch) Shelving location Withdrawn status Koha normalized classification for sorting Koha item type Price effective from Koha full call number Piece designation (barcode)
Central Library, BUET 1   2015-03-03  2015-03-03Central Library, BUETCirculation section 660_284000000000000_COU_1965General Book2015-03-03660.284/COU/196529699
Central Library, BUET 22017-05-091 2017-05-09  2015-03-03Central Library, BUETCirculation section 660_284000000000000_COU_1965General Book2015-03-03660.284/COU/196529689
Central Library, BUET 3   2015-03-03  2015-03-03Central Library, BUETCirculation section 660_284000000000000_COU_1965General Book2015-03-03660.284/COU/196529697
Central Library, BUET 4   2015-03-03  2015-03-03Central Library, BUETCirculation section 660_284000000000000_COU_1965General Book2015-03-03660.284/COU/196529692
Central Library, BUET 5   2015-03-03  2015-03-03Central Library, BUETCirculation section 660_284000000000000_COU_1965General Book2015-03-03660.284/COU/196529698
Central Library, BUET 6   2015-03-03  2015-03-03Central Library, BUETCirculation section 660_284000000000000_COU_1965General Book2015-03-03660.284/COU/196529690
Central Library, BUET 7   2015-03-03  2015-03-03Central Library, BUETCataloging to Circulation 660_284000000000000_COU_1965General Book2015-03-03660.284/COU/196529688
Central Library, BUET 8   2015-03-04  2015-03-04Central Library, BUETCirculation section 660_284000000000000_COU_1965General Book2015-03-04660.284/COU/196534519
Central Library, BUET 9   2015-05-11  2015-05-11Central Library, BUETCirculation section 660_284000000000000_COU_1965General Book2015-05-11660.284/COU/196529694
Central Library, BUET 10   2015-05-11  2015-05-11Central Library, BUETCirculation section 660_284000000000000_COU_1965General Book2015-05-11660.284/COU/196529696
Central Library, BUET 11   2015-05-13  2015-05-13Central Library, BUETCirculation section 660_284000000000000_COU_1965General Book2015-05-13660.284/COU/196529695
Central Library, BUET 12   2015-05-14  2015-05-14Central Library, BUETCirculation section 660_284000000000000_COU_1965General Book2015-05-14660.284/COU/196517869
Central Library, BUET 13   2015-05-18  2015-05-18Central Library, BUETCirculation section 660_284000000000000_COU_1965General Book2015-05-18660.284/COU/196515822
Central Library, BUET 14   2015-06-20  2015-06-20Central Library, BUETReading section 660_284000000000000_COU_1965General Book2015-06-20660.284/COU/196529700
Central Library, BUET 15   2015-06-20  2015-06-20Central Library, BUETReading section 660_284000000000000_COU_1965General Book2015-06-20660.284/COU/196529701
Central Library, BUET 16   2015-07-10  2015-07-10Central Library, BUETCirculation section 660_284000000000000_COU_1965General Book2015-07-10660.284/COU/196516716